000 01041nam a22003257a 4500
001 BR8001116
003 BR-BrBNA
005 20230928090535.0
007 ta
008 230509b bl.||||| |||| 00| 0 por d
040 _aBR-BrBNA
_bpor
_cBiblioteca Nacional de Agricultura
041 _a(Por)
072 _aF00; E30
_b2120
_b/G514
090 _ 2120 BR8001116
100 1 _aVital, T.W
100 1 _aOliveira Filho, J.B. de
110 1 _aFundacao Estadual de Planejamento Agricola do Rio Grande do Norte, Natal (Brasil)
_94891
245 1 _aProjeto de expansao da cafeicultura no Rio Grande do Norte [Coffea arabica; Brasil]
246 1 _a[Coffee culture expansion project in Rio Grande do Norte [Coffea arabica; Brazil]]
260 3 _aNatal, RN (Brasil):
_c1980.
300 _a25 p.
500 _a9 tables
650 _aProducao vegetal
650 _aProjeto de desenvolvimento
650 _aCafe
650 _aPolitica agricola
650 _aRio Grande do Norte
909 _a202309
_bLucia
_c55
_dLucia Elande
942 _cBK
999 _c29271
_d29271